| 000 | 00491nam a2200193Ia 4500 | ||
|---|---|---|---|
| 001 | 11475 | ||
| 003 | IN-NITTTR | ||
| 005 | 20251114233107.0 | ||
| 008 | 251113s9999||||xx |||||||||||||| ||eng|| | ||
| 040 | _beng | ||
| 040 | _cIN-NITTTR | ||
| 041 | _aeng | ||
| 082 | _a004.16 H361B | ||
| 100 | _aHeffer, D. E. | ||
| 245 | 0 |
_aBasic principles and practice of microprocessors / _cHeffer, D. E., King , G. A., Keith, D |
|
| 700 | _a Keith, D | ||
| 700 | _a King , G. A. | ||
| 942 |
_2ddc _cBK |
||
| 999 |
_c14111 _d14111 |
||